Normal view
MARC view
Entry Geographic Name
001 - CONTROL NUMBER
- control field: 50944
003 - CONTROL NUMBER IDENTIFIER
- control field: ARRUPE
005 - DATE AND TIME OF LATEST TRANSACTION
- control field: 20211103110330.0
008 - FIXED-LENGTH DATA ELEMENTS
- fixed length control field: 211103|| aca||aabn | a|a d
040 ## - CATALOGING SOURCE
- Original cataloging agency: ARRUPE
- Transcribing agency: ARRUPE
151 ## - HEADING--GEOGRAPHIC NAME
- Geographic name: Europe, Eastern
- General subdivision: Ethnic relations
670 ## - SOURCE DATA FOUND
- Source citation: Work cat.: (ARRUPE)0: Corni, Gustavo, 1952- 50941, Hitler's ghettos :, 2002.